Normal view
MARC view
Entry Topical Term
001 - CONTROL NUMBER
- control field: 62857
003 - CONTROL NUMBER IDENTIFIER
- control field:
005 - DATE AND TIME OF LATEST TRANSACTION
- control field: 20250213132105.0
008 - FIXED-LENGTH DATA ELEMENTS
- fixed length control field: 250213|| aca||aabn | a|a d
040 ## - CATALOGING SOURCE
- Original cataloging agency:
- Transcribing agency:
150 ## - HEADING--TOPICAL TERM
- Topical term or geographic name entry element: Afunugo, Emmanuel Obimma
670 ## - SOURCE DATA FOUND
- Source citation: Work cat.: ()31794: AFUNUGO, Emmanuel Obinmma aut. 62856, Sacred dwelling : , 2023
